Historia de Ruiz Zorrilla (D. Manuel) / (Registro nro. 153380)

Detalles MARC
000 -LEADER
campo de control de longitud fija 00664nam a2200181 i 4500
001 - NÚMERO DE CONTROL
campo de control 153380
003 - IDENTIFICADOR DE NÚMERO DE CONTROL
campo de control ES-MaACL
005 - FECHA Y HORA DE LA ÚLTIMA TRANSACCIÓN
campo de control 20250927111500.0
008 - DATOS DE LONGITUD FIJA--INFORMACIÓN GENERAL
campo de control de longitud fija 981111s1885 sp |||| |bspa d
245 00 - MENCIÓN DEL TÍTULO
Título Historia de Ruiz Zorrilla (D. Manuel) /
Mención de responsabilidad, etc. por D.E.M.R.
260 ## - PUBLICACIÓN, DISTRIBUCIÓN, ETC.
Lugar de publicación, distribución, etc. Madrid :
Nombre del editor, distribuidor, etc. [s.n.],
Fecha de publicación, distribución, etc. 1885 (
Fabricante Imp. de F.G. Pérez)
300 ## - DESCRIPCIÓN FÍSICA
Extensión 63 p. ;
Dimensiones 17 cm.
530 ## - NOTA DISPONIBLE DE FORMULARIO FÍSICO ADICIONAL
Nota de formato físico adicional disponible Disponible en formato digital.
600 14 - PUNTO DE ACCESO ADICIONAL DE MATERIA--NOMBRE DE PERSONA
Nombre de persona Ruiz Zorrilla, Manuel,
Fechas asociadas al nombre 1833-1895
9 (RLIN) 100967
852 ## - LOCALIZACIÓN
Ubicación ES-MaACL
Número de control de estantería Fol-Laf-495
Nota libre . - Legado de Modesto de la Fuente
856 ## - LOCALIZACIÓN Y ACCESO ELECTRÓNICOS
Identificador Uniforme de Recursos <a href="http://www.memoriademadrid.es/buscador.php?accion=VerFicha&id=30055">http://www.memoriademadrid.es/buscador.php?accion=VerFicha&id=30055</a>
Nota pública Memoria de Madrid
Existencias
Estatus retirado Estado de pérdida Estado de daño No para préstamo Colección Biblioteca de origen Biblioteca actual Ubicación en estantería Fecha de adquisición Fuente de adquisición Total de préstamos Signatura topográfica completa Código de barras Visto por última vez Precio de reemplazo Tipo de ítem Koha
        Colección de folletos Biblioteca del Ateneo de Madrid Biblioteca del Ateneo de Madrid Depósito folletos 17/01/2008     Fol-Laf-495 1160294 23/02/2023 23/02/2023 Folleto